Giải phẫu sinh lí vệ sinh phòng bệnh trẻ em Giáo trình đào tạo giáo viên THSP mầm non hệ 12+2
Những kiến thức cơ bản về giải phẫu, sinh lí và vệ sinh của trẻ em: Đặc điểm của sự tăng trưởng và phát triển, bộ thần kinh trẻ em, hệ hô hấp, hệ tuần hoàn, hệ tiêu hoá, bài tiết, các bệnh thường gặp và cách phòng bệnh truyện nhiệm, cấp cứu...
Bewaard in:
| Hoofdauteur: | |
|---|---|
| Andere auteurs: | |
| Formaat: | Boek |
| Taal: | Vietnamese |
| Gepubliceerd in: |
H.
Giáo dục
1998
|
| Onderwerpen: | |
| Tags: |
Voeg label toe
Geen labels, Wees de eerste die dit record labelt!
|
| Thư viện lưu trữ: | Mạng thư viện Đại học Đà Nẵng |
|---|
| LEADER | 01647nam a22004218a 4500 | ||
|---|---|---|---|
| 001 | 000016349 | ||
| 003 | 12751 | ||
| 005 | 20120928110936.0 | ||
| 008 | 120928s1998 b 000 0 od | ||
| 020 | |c 13000 |d 3.000b | ||
| 041 | 0 | |a 9901 | |
| 041 | 0 | |a vie | |
| 080 | |a 618N.1(0701) | ||
| 082 | |a 611 |b TR-T | ||
| 084 | |a N731n2 |b GI-103P | ||
| 100 | 1 | |a Trần Trọng Thuỷ | |
| 245 | 1 | 0 | |a Giải phẫu sinh lí vệ sinh phòng bệnh trẻ em |b Giáo trình đào tạo giáo viên THSP mầm non hệ 12+2 |c Trần Trọng Thuỷ, Trần Quy |
| 260 | |a H. |b Giáo dục |c 1998 | ||
| 300 | |a 340tr : hình vẽ |c 21cm | ||
| 520 | |a Những kiến thức cơ bản về giải phẫu, sinh lí và vệ sinh của trẻ em: Đặc điểm của sự tăng trưởng và phát triển, bộ thần kinh trẻ em, hệ hô hấp, hệ tuần hoàn, hệ tiêu hoá, bài tiết, các bệnh thường gặp và cách phòng bệnh truyện nhiệm, cấp cứu | ||
| 653 | |a điều trị | ||
| 653 | |a trẻ em bệnh | ||
| 653 | |a giáo trình | ||
| 653 | |a Giải phẫu | ||
| 653 | |a sinh lí | ||
| 653 | |a vệ sinh | ||
| 653 | |a phòng bệnh | ||
| 700 | 1 | |a Trần Quy |e Tác giả | |
| OWN | |a LSP | ||
| AVA | |a UDN50 |b LSP |d 611 TR-T |e check_holdings |t Error 5003 Not defined in file expand_doc_bib_avail. |h N |k 1 | ||
| 999 | |a From the UDN01 | ||
| AVA | |a UDN50 |b LSP |d 611 TR-T |e available |t Error 5001 Not defined in file expand_doc_bib_avail. |f 34 |g 0 |h N |i 2 |k 1 | ||
| TYP | |a Monograph | ||
| TYP | |a Printed language | ||
| 980 | |a Mạng thư viện Đại học Đà Nẵng | ||